[Event "Alicante Universitario-ch"]
[Site "Alicante"]
[Date "2019.04.09"]
[Round "2.6"]
[White "Suarez Uriel, Adrian"]
[Black "Perez Tores, Juan Miguel"]
[Result "1-0"]
[WhiteElo "2397"]
[BlackElo "2217"]
[PlyCount "63"]
[EventDate "2019.04.09"]
[EventType "swiss"]
[EventRounds "9"]
[EventCountry "ESP"]
[SourceTitle "CBM 190 Extra"]
[Source "ChessBase"]
[SourceDate "2019.07.15"]
[SourceVersion "1"]
[SourceVersionDate "2019.07.15"]
[SourceQuality "1"]

1. e4 g6 2. d4 d6 3. Nc3 Bg7 4. Be3 a6 5. f3 b5 6. Qd2 Nd7 7. g4 Nb6 8. h4 h5 9. gxh5 Rxh5 10. Bd3 Bf6 11. 0-0-0 Bb7 12. Nh3 Rxh4 13. Bg5 Rh5 14. Bxf6 exf6 15. Nf4 Rxh1 16. Rxh1 Qe7 17. Rh7 Qf8 18. a4 bxa4 19. Ncd5 Nxd5 20. exd5 Ne7 21. Qa5 Kd8 22. Bxg6 Qg8 23. Rxf7 Bc8 24. Ne6+ Bxe6 25. dxe6 Rc8 26. Qxa4 c6 27. Qa5+ Rc7 28. Rxe7 Kxe7 29. Qxc7+ Kxe6 30. Qh7 Qf8 31. Be4 d5 32. Bf5+ 1-0

[Event "Malaga-ch"]
[Site "Malaga"]
[Date "2019.02.24"]
[Round "6.1"]
[White "Lopez Guerrero, Jose Miguel"]
[Black "Perez Tores, Juan Miguel"]
[Result "1/2-1/2"]
[WhiteElo "2099"]
[BlackElo "2225"]
[PlyCount "26"]
[EventDate "2019.02.09"]
[EventType "swiss"]
[EventRounds "7"]
[EventCountry "ESP"]
[SourceTitle "EXT 2024"]
[Source "ChessBase"]
[SourceDate "2023.10.10"]
[SourceVersion "1"]
[SourceVersionDate "2023.10.10"]
[SourceQuality "1"]

1. e4 e5 2. Nf3 Nc6 3. Bb5 a6 4. Bxc6 dxc6 5. Nc3 Bd6 6. d4 Bg4 7. dxe5 Bxf3 8. Qxf3 Bxe5 9. Bf4 Qf6 10. Bxe5 Qxe5 11. Rd1 Nf6 12. Qg3 Qxg3 13. hxg3 Ke7 1/2-1/2

[Event "Malaga-ch"]
[Site "Malaga"]
[Date "2019.02.24"]
[Round "7.2"]
[White "Perez Tores, Juan Miguel"]
[Black "Jimenez Guillen, Francisco Jose"]
[Result "1-0"]
[WhiteElo "2225"]
[BlackElo "1867"]
[PlyCount "79"]
[EventDate "2019.02.09"]
[EventType "swiss"]
[EventRounds "7"]
[EventCountry "ESP"]
[SourceTitle "EXT 2024"]
[Source "ChessBase"]
[SourceDate "2023.10.10"]
[SourceVersion "1"]
[SourceVersionDate "2023.10.10"]
[SourceQuality "1"]

1. e4 Nf6 2. Nc3 e5 3. Nf3 d6 4. Ng1 Ng8 5. Nf3 Nf6 6. d4 Nbd7 7. Bc4 h6 8. 0-0 Be7 9. Qe2 c6 10. a4 a5 11. Rd1 Qc7 12. dxe5 dxe5 13. Nh4 Nc5 14. b3 Be6 15. Ba3 0-0 16. Bxc5 Bxc5 17. Bxe6 fxe6 18. Na2 Qb6 19. Ng6 Rfd8 20. Nxe5 Bd4 21. Nc4 Qc7 22. c3 Bc5 23. g3 h5 24. Kg2 b5 25. Nb2 Ng4 26. Nd3 Bb6 27. h3 Nf6 28. e5 Nd5 29. c4 Nb4 30. Naxb4 axb4 31. c5 Ba7 32. Qxh5 Rd5 33. Nf4 Rxe5 34. Qg4 Qf7 35. axb5 Rf8 36. b6 Bb8 37. Ra2 g5 38. Rad2 Qh7 39. Nxe6 Re8 40. Rd8 1-0

[Event "Malaga-ch"]
[Site "Malaga"]
[Date "2019.02.17"]
[Round "4.4"]
[White "Garrido Diaz, Jose Antonio"]
[Black "Perez Tores, Juan Miguel"]
[Result "0-1"]
[WhiteElo "2059"]
[BlackElo "2225"]
[PlyCount "104"]
[EventDate "2019.02.09"]
[EventType "swiss"]
[EventRounds "7"]
[EventCountry "ESP"]
[SourceTitle "EXT 2024"]
[Source "ChessBase"]
[SourceDate "2023.10.10"]
[SourceVersion "1"]
[SourceVersionDate "2023.10.10"]
[SourceQuality "1"]

1. e4 e5 2. Nf3 Nc6 3. Bc4 Nf6 4. d3 Be7 5. 0-0 0-0 6. Re1 d6 7. a4 Be6 8. Nbd2 Qd7 9. Bxe6 Qxe6 10. Nc4 Rad8 11. Qe2 Rfe8 12. Bg5 Nh5 13. g3 Bxg5 14. Nxg5 Qg6 15. Nf3 Nf4 16. Qf1 Qh5 17. Ncd2 Ne6 18. Qe2 d5 19. Rac1 f6 20. Nd4 Qxe2 21. Nxe2 Nc5 22. exd5 Rxd5 23. Nc3 Rd4 24. b3 Red8 25. Kg2 Nb4 26. Nf3 R4d7 27. Red1 e4 28. dxe4 Rxd1 29. Rxd1 Rxd1 30. Nxd1 Nxc2 31. Nd2 Nd4 32. Nc3 Ndxb3 33. Nxb3 Nxb3 34. Nb5 Nc5 35. a5 a6 36. Nxc7 Nb3 37. Ne6 Nxa5 38. Nc5 Kf7 39. f4 Ke7 40. e5 fxe5 41. fxe5 Nc4 42. e6 a5 43. Nxb7 a4 44. Nc5 a3 45. Nb3 Kxe6 46. Kf3 Kd5 47. Na1 a2 48. Nc2 Ne5+ 49. Kf4 Kc4 50. Ke3 Kc3 51. Na1 Kb2 52. Kd2 Kxa1 0-1

[Event "Malaga-ch"]
[Site "Malaga"]
[Date "2019.02.09"]
[Round "1.1"]
[White "Perez Tores, Juan Miguel"]
[Black "Alba Fernandez, Nicolas"]
[Result "1/2-1/2"]
[WhiteElo "2225"]
[BlackElo "1820"]
[PlyCount "84"]
[EventDate "2019.02.09"]
[EventType "swiss"]
[EventRounds "7"]
[EventCountry "ESP"]
[SourceTitle "EXT 2024"]
[Source "ChessBase"]
[SourceDate "2023.10.10"]
[SourceVersion "1"]
[SourceVersionDate "2023.10.10"]
[SourceQuality "1"]

1. e4 c5 2. Nf3 e6 3. d4 cxd4 4. Nxd4 Nc6 5. Nc3 Qc7 6. Be3 a6 7. Be2 Nf6 8. 0-0 Be7 9. f3 0-0 10. Kh1 b5 11. Nxc6 dxc6 12. a4 Bb7 13. Qe1 Rfd8 14. Qf2 Rd7 15. Rfd1 Rxd1+ 16. Rxd1 Rd8 17. Rxd8+ Qxd8 18. Qg3 Kh8 19. Kg1 Nd7 20. axb5 cxb5 21. Nb1 Bc5 22. Bxc5 Nxc5 23. Qe5 Nd7 24. Qc3 Qb6+ 25. Kf1 Qc5 26. Qxc5 Nxc5 27. Ke1 Kg8 28. Kd2 Kf8 29. Kc3 Nd7 30. Kb4 Ke7 31. c4 bxc4 32. Bxc4 Kd6 33. Ka5 Ne5 34. Bxa6 Bxa6 35. Kxa6 Nd3 36. Nd2 Nxb2 37. Kb5 Nd3 38. Nc4+ Ke7 39. g3 h6 40. h4 g5 41. h5 Kf6 42. Kc6 Ke7 1/2-1/2

[Event "Andalucia-chT Honor Oriental"]
[Site "Andalucia"]
[Date "2018.10.14"]
[Round "3.38"]
[White "Perez Tores, Juan Miguel"]
[Black "Ruiz Sanchez, Andres"]
[Result "1/2-1/2"]
[WhiteElo "2215"]
[BlackElo "2148"]
[PlyCount "118"]
[EventDate "2018.09.30"]
[EventType "team-tourn"]
[EventRounds "7"]
[EventCountry "ESP"]
[SourceTitle "EXT 2020"]
[Source "ChessBase"]
[SourceDate "2019.10.17"]
[SourceVersion "1"]
[SourceVersionDate "2019.10.17"]
[SourceQuality "1"]
[WhiteTeam "Caja Granada"]
[BlackTeam "Cruz Roja Santa Juana"]
[WhiteTeamCountry "ESP"]
[BlackTeamCountry "ESP"]

1. e4 e6 2. d4 d5 3. Nc3 Bb4 4. e5 c5 5. a3 Bxc3+ 6. bxc3 Qa5 7. Bd2 Qa4 8. Qb1 a6 9. Ne2 Nc6 10. Qb2 Nge7 11. f4 c4 12. g3 Bd7 13. h4 h5 14. Bh3 0-0-0 15. Kf2 Rdf8 16. Rag1 Nf5 17. Re1 Kb8 18. Ng1 Na7 19. Nf3 Nh6 20. Re2 Rc8 21. Ng5 Rhf8 22. f5 exf5 23. e6 fxe6 24. Bf4+ Ka8 25. Nxe6 Bxe6 26. Bxh6 gxh6 27. Rxe6 Nb5 28. Rhe1 Qa5 29. Qb4 Qxb4 30. axb4 Nxc3 31. R1e5 Ne4+ 32. Kf3 Rg8 33. Bxf5 Rcf8 34. Rxd5 Nxg3 35. Ree5 c3 36. Ke3 Nxf5+ 37. Rxf5 Rg3+ 38. Ke2 Rxf5 39. Rxf5 Rg4 40. Kd3 Rxh4 41. Kxc3 Kb8 42. Kc4 Rh2 43. c3 Rh3 44. b5 axb5+ 45. Rxb5 Kc7 46. Rf5 h4 47. Rf7+ Kc6 48. Rf6+ Kc7 49. Rxh6 Kd7 50. Kb4 Kc7 51. Kc4 Kd7 52. Kd5 Rxc3 53. Rh7+ Kc8 54. Rxh4 Rc6 55. Rh7 Rg6 56. Kc5 Rc6+ 57. Kd5 Rg6 58. Rh5 Kc7 59. Ke5 Rg7 1/2-1/2

[Event "ESP-ch 81st"]
[Site "Linares"]
[Date "2016.08.10"]
[Round "6"]
[White "Perez Tores, Juan Miguel"]
[Black "Escudero Manzano, Sergio"]
[Result "1/2-1/2"]
[WhiteElo "2171"]
[BlackElo "2290"]
[PlyCount "67"]
[EventDate "2016.08.05"]
[EventType "swiss"]
[EventRounds "9"]
[EventCountry "ESP"]
[SourceTitle "CBM 173 Extra"]
[Source "ChessBase"]
[SourceDate "2016.08.29"]
[SourceVersion "1"]
[SourceVersionDate "2016.08.29"]
[SourceQuality "1"]

1. e4 c5 2. Nf3 e6 3. d4 cxd4 4. Nxd4 a6 5. Nc3 b5 6. Bd3 Qb6 7. Be3 Bc5 8. Nce2 Nc6 9. c3 b4 10. 0-0 Nf6 11. Nxc6 Bxe3 12. Ncd4 Bh6 13. Qb3 Rb8 14. a3 bxc3 15. Qxb6 Rxb6 16. bxc3 Kd8 17. Rfb1 Rxb1+ 18. Rxb1 Kc7 19. Nb3 d6 20. Ned4 Nd7 21. Kf1 g6 22. Ke2 Rf8 23. Nc2 Ne5 24. Nb4 Nxd3 25. Nxd3 f5 26. e5 dxe5 27. Nxe5 Bf4 28. Nc4 Rd8 29. Nc5 Bg5 30. Rb6 Rd2+ 31. Kf1 Rc2 32. Nxa6+ Bxa6 33. Rxa6 Rxc3 34. Ne5 1/2-1/2

[Event "ESP-ch U18"]
[Site "Granada"]
[Date "2016.07.29"]
[Round "7"]
[White "Perez Tores, Juan Miguel"]
[Black "Fernandez Cano, Victor"]
[Result "1-0"]
[WhiteElo "2171"]
[BlackElo "2208"]
[PlyCount "69"]
[EventDate "2016.07.25"]
[EventType "swiss"]
[EventRounds "9"]
[EventCountry "ESP"]
[SourceTitle "EXT 2024"]
[Source "ChessBase"]
[SourceDate "2023.10.10"]
[SourceVersion "1"]
[SourceVersionDate "2023.10.10"]
[SourceQuality "1"]

1. e4 c5 2. Nf3 d6 3. d4 cxd4 4. Nxd4 Nf6 5. Nc3 a6 6. h3 e6 7. g4 b5 8. Bg2 Bb7 9. a3 Be7 10. 0-0 Nfd7 11. f4 Qc7 12. Be3 Nb6 13. Nce2 Nc4 14. Bc1 Nd7 15. b3 Ncb6 16. Bb2 0-0-0 17. Qd2 Rhe8 18. a4 bxa4 19. Rf3 Nc5 20. Rc3 a5 21. Re3 Kd7 22. Nb5 Qb8 23. Ba3 Rc8 24. Rd1 axb3 25. cxb3 Red8 26. Qxa5 Rc6 27. Bxc5 Rxc5 28. Qxb6 Rc6 29. Qa5 Ke8 30. Rc3 Ra6 31. Nc7+ Kf8 32. Nxa6 Qa7+ 33. Kh1 Bxa6 34. Ra1 Ra8 35. Qxa6 1-0

[Event "ESP-ch U18"]
[Site "Granada"]
[Date "2016.07.28"]
[Round "6"]
[White "Ortega Lopez, Mikel"]
[Black "Perez Tores, Juan Miguel"]
[Result "0-1"]
[WhiteElo "2308"]
[BlackElo "2171"]
[PlyCount "64"]
[EventDate "2016.07.25"]
[EventType "swiss"]
[EventRounds "9"]
[EventCountry "ESP"]
[SourceTitle "EXT 2024"]
[Source "ChessBase"]
[SourceDate "2023.10.10"]
[SourceVersion "1"]
[SourceVersionDate "2023.10.10"]
[SourceQuality "1"]

1. e4 e5 2. Nf3 Nc6 3. Bb5 a6 4. Ba4 Nf6 5. 0-0 b5 6. Bb3 Be7 7. Re1 d6 8. c3 0-0 9. h3 Nb8 10. d4 Nbd7 11. c4 Bb7 12. Nc3 c6 13. Qc2 Re8 14. a3 h6 15. Be3 Bf8 16. dxe5 Nxe5 17. Nxe5 dxe5 18. Rad1 Qa5 19. cxb5 axb5 20. Qe2 Ba6 21. Qf3 b4 22. Nb1 bxa3 23. bxa3 Be7 24. a4 Rab8 25. Nd2 Rb4 26. Rc1 Reb8 27. Bc2 Rb2 28. Rb1 Qc3 29. Rxb2 Rxb2 30. Bd1 Rxd2 31. Bxd2 Qxd2 32. Qe3 Bb4 0-1

[Event "Lorca op 4th"]
[Site "Lorca"]
[Date "2015.12.29"]
[Round "6"]
[White "Djuric, Stefan"]
[Black "Perez Tores, Juan Miguel"]
[Result "1-0"]
[WhiteElo "2393"]
[BlackElo "2103"]
[PlyCount "91"]
[EventDate "2015.12.26"]
[EventType "swiss"]
[EventRounds "9"]
[EventCountry "ESP"]
[SourceTitle "CBM 170 Extra"]
[Source "ChessBase"]
[SourceDate "2016.02.25"]
[SourceVersion "1"]
[SourceVersionDate "2016.02.25"]
[SourceQuality "1"]

1. Nf3 Nf6 2. c4 e6 3. d4 b6 4. a3 Bb7 5. Nc3 d5 6. cxd5 Nxd5 7. Qa4+ Nd7 8. Bd2 Bd6 9. Nb5 0-0 10. e4 N5f6 11. e5 Bxf3 12. exd6 Bc6 13. dxc7 Qc8 14. Rc1 Bxb5 15. Bxb5 a6 16. Bxd7 Qxd7 17. Qxd7 Nxd7 18. Rc6 Rfc8 19. Ke2 Nf6 20. Rxb6 Rxc7 21. Rc1 Rxc1 22. Bxc1 Nd5 23. Rb7 h6 24. Bd2 Rc8 25. Kd3 g5 26. Ra7 Rc6 27. b4 Kg7 28. a4 Kg6 29. g3 h5 30. Ra8 f6 31. b5 axb5 32. axb5 Rb6 33. Ra5 Kf5 34. h3 Rb8 35. f3 g4 36. fxg4+ hxg4 37. h4 e5 38. dxe5 fxe5 39. h5 e4+ 40. Kd4 Rd8 41. b6 Ke6 42. b7 Nf6+ 43. Kc4 Rb8 44. Rb5 Nxh5 45. Rxh5 Rxb7 46. Bf4 1-0

[Event "Lorca op 4th"]
[Site "Lorca"]
[Date "2015.12.28"]
[Round "5"]
[White "Perez Tores, Juan Miguel"]
[Black "Lalic, Bogdan"]
[Result "1/2-1/2"]
[WhiteElo "2103"]
[BlackElo "2446"]
[PlyCount "44"]
[EventDate "2015.12.26"]
[EventType "swiss"]
[EventRounds "9"]
[EventCountry "ESP"]
[SourceTitle "CBM 170 Extra"]
[Source "ChessBase"]
[SourceDate "2016.02.25"]
[SourceVersion "1"]
[SourceVersionDate "2016.02.25"]
[SourceQuality "1"]

1. e4 e6 2. d4 d5 3. Nc3 Bb4 4. e5 c5 5. a3 Ba5 6. b4 cxd4 7. Qg4 Kf8 8. Nb5 Bc7 9. Qxd4 Ne7 10. f4 Bb6 11. Qd3 Nf5 12. Nf3 Nc6 13. g4 Nh4 14. Nxh4 Qxh4+ 15. Qg3 Qxg3+ 16. hxg3 Nd4 17. Nxd4 Bxd4 18. Rb1 Bd7 19. Bb2 Bxb2 20. Rxb2 Rc8 21. Kd2 Ke7 22. Bd3 h6 1/2-1/2

[Event "Lorca op 4th"]
[Site "Lorca"]
[Date "2015.12.27"]
[Round "2"]
[White "Perez Tores, Juan Miguel"]
[Black "Stella, Andrea"]
[Result "0-1"]
[WhiteElo "2103"]
[BlackElo "2413"]
[PlyCount "120"]
[EventDate "2015.12.26"]
[EventType "swiss"]
[EventRounds "9"]
[EventCountry "ESP"]
[SourceTitle "CBM 170 Extra"]
[Source "ChessBase"]
[SourceDate "2016.02.25"]
[SourceVersion "1"]
[SourceVersionDate "2016.02.25"]
[SourceQuality "1"]

1. e4 c5 2. Nf3 e6 3. d4 cxd4 4. Nxd4 Nf6 5. Nc3 d6 6. g4 h6 7. Rg1 Be7 8. Bb5+ Bd7 9. Qe2 Bxb5 10. Qxb5+ Qd7 11. Qxd7+ Nbxd7 12. Ndb5 Ne5 13. Ke2 0-0 14. h3 a6 15. Nd4 Rac8 16. a4 Rfd8 17. f4 Nc6 18. Be3 Nb4 19. Rac1 d5 20. e5 Nd7 21. Kf3 Rc4 22. Nce2 Rdc8 23. b3 R4c7 24. c3 Nd3 25. Rc2 g5 26. Rd1 gxf4 27. Bxf4 N7xe5+ 28. Kg3 Nxf4 29. Kxf4 Ng6+ 30. Kf3 Bf6 31. Rcd2 Kg7 32. Kg2 Bg5 33. Rc2 Bf6 34. Rcd2 Be5 35. Kf3 Rh8 36. Rd3 h5 37. g5 Rhc8 38. Rc1 Ne7 39. Ke3 Ng6 40. Kf3 Kh7 41. Rf1 Nh4+ 42. Ke3 Kg7 43. Kd2 Ng6 44. Rdf3 h4 45. Re3 Bd6 46. Ref3 Kg8 47. Rd3 Rb8 48. Re3 Be7 49. Rg1 e5 50. Nf5 Bc5 51. Rg4 Bxe3+ 52. Kxe3 b5 53. axb5 Rxb5 54. b4 d4+ 55. cxd4 exd4+ 56. Nexd4 Rxb4 57. Nxh4 Nxh4 58. Rxh4 a5 59. Re4 Rc3+ 60. Kf4 a4 0-1

[Event "ESP-ch U18"]
[Site "Salobrena"]
[Date "2015.07.31"]
[Round "8"]
[White "Perez Tores, Juan Miguel"]
[Black "Marchena Hurtado, Javier"]
[Result "1/2-1/2"]
[WhiteElo "2129"]
[BlackElo "2294"]
[PlyCount "166"]
[EventDate "2015.07.27"]
[EventType "swiss"]
[EventRounds "9"]
[EventCountry "ESP"]
[SourceTitle "EXT 2016"]
[Source "ChessBase"]
[SourceDate "2015.10.08"]
[SourceVersion "1"]
[SourceVersionDate "2015.10.08"]
[SourceQuality "1"]

1. e4 c6 2. Nc3 d5 3. d4 dxe4 4. Nxe4 Bf5 5. Qf3 e6 6. Ne2 Nd7 7. N2g3 Bg6 8. Qb3 Qb6 9. Bd3 Ngf6 10. 0-0 Be7 11. Nxf6+ Nxf6 12. Bxg6 hxg6 13. Qxb6 axb6 14. Bg5 Ra5 15. Bxf6 Bxf6 16. Rfd1 0-0 17. Ne4 Be7 18. a3 Rd8 19. Rd3 b5 20. Nd2 Ra4 21. Nb3 b6 22. Rad1 Bf6 23. c3 Ra7 24. Kf1 Rad7 25. Ke2 Rd5 26. h3 Kf8 27. Na1 Ke7 28. Nc2 Rh5 29. Ne3 Bg5 30. Ng4 Bf4 31. Ra1 Ra8 32. Rad1 Bd6 33. Kf1 Rf5 34. Ke2 f6 35. Ne3 Rh5 36. Kd2 g5 37. Ng4 Kf7 38. Kc2 Bf4 39. Kb3 Rhh8 40. Rf3 Ke7 41. Rfd3 Rhd8 42. Kc2 Ra7 43. Re1 Rad7 44. g3 Bb8 45. Rde3 Rd6 46. Rd3 Kf7 47. Red1 Rh8 48. Rh1 Rh5 49. Rf3 Rd5 50. Re3 Rd8 51. h4 gxh4 52. Rxh4 Rxh4 53. gxh4 Rh8 54. Rh3 Rh5 55. Ne3 g5 56. Ng2 f5 57. Rd3 g4 58. f4 Bd6 59. Rd1 Rh8 60. Ra1 Ra8 61. Kd3 Be7 62. Rh1 Rh8 63. h5 Bd6 64. Rh2 Kg7 65. Rh1 Kh6 66. Re1 Re8 67. Nh4 Re7 68. Ng6 Re8 69. Nh4 Bxf4 70. Nxf5+ Kg5 71. Ng7 Re7 72. Nxe6+ Kf6 73. Rf1 Rxe6 74. Rxf4+ Kg5 75. Rf1 Kxh5 76. b3 g3 77. c4 bxc4+ 78. bxc4 Kg4 79. d5 cxd5 80. cxd5 Re8 81. Kc4 Rd8 82. Rf6 g2 83. Rxb6 Kf3 1/2-1/2

[Event "ESP-ch U18"]
[Site "Salobrena"]
[Date "2015.07.27"]
[Round "1"]
[White "Hevia Fernandez, Guillermo"]
[Black "Perez Tores, Juan Miguel"]
[Result "1/2-1/2"]
[WhiteElo "1795"]
[BlackElo "2129"]
[PlyCount "70"]
[EventDate "2015.07.27"]
[EventType "swiss"]
[EventRounds "9"]
[EventCountry "ESP"]
[SourceTitle "EXT 2016"]
[Source "ChessBase"]
[SourceDate "2015.10.08"]
[SourceVersion "1"]
[SourceVersionDate "2015.10.08"]
[SourceQuality "1"]

1. d4 Nf6 2. c4 e6 3. Nf3 b6 4. Bg5 h6 5. Bxf6 Qxf6 6. e3 Bb7 7. Be2 Bb4+ 8. Nbd2 0-0 9. 0-0 Qg6 10. Nh4 Qf6 11. Nhf3 d6 12. a3 Bxd2 13. Nxd2 Nd7 14. Bf3 Bxf3 15. Qxf3 Qxf3 16. Nxf3 Rfd8 17. d5 Ne5 18. Nxe5 dxe5 19. dxe6 fxe6 20. Rfd1 Kf7 21. Kf1 Rd6 22. Rxd6 cxd6 23. Rd1 Ke7 24. Ke2 Rc8 25. b3 Rc5 26. g3 d5 27. cxd5 exd5 28. f4 e4 29. Kd2 Kd6 30. g4 Rc8 31. h4 a6 32. h5 d4 33. exd4 Kd5 34. g5 Rh8 35. g6 Rf8 1/2-1/2

[Event "Andalucia-ch U16"]
[Site "Huelva"]
[Date "2014.04.25"]
[Round "4.2"]
[White "Redondo Benavente, Jose Carlos"]
[Black "Perez Tores, Juan Miguel"]
[Result "1-0"]
[WhiteElo "1882"]
[BlackElo "1945"]
[PlyCount "42"]
[EventDate "2014.04.25"]
[EventType "swiss"]
[EventRounds "9"]
[EventCountry "ESP"]
[SourceTitle "EXT 2024"]
[Source "ChessBase"]
[SourceDate "2023.10.10"]
[SourceVersion "1"]
[SourceVersionDate "2023.10.10"]
[SourceQuality "1"]

1. e4 g6 2. d4 Bg7 3. Nf3 d6 4. Bc4 Nf6 5. Qe2 0-0 6. 0-0 a6 7. c3 b5 8. Bd3 Bb7 9. a4 c6 10. Bf4 Nbd7 11. Nbd2 Nh5 12. Be3 e5 13. dxe5 dxe5 14. Nb3 Qe7 15. Na5 Ndf6 16. Nxb7 Qxb7 17. Nxe5 Nxe4 18. Bxe4 Bxe5 19. f4 Bg7 20. Qf3 Rac8 21. axb5 Qxb5 1-0

[Event "ESP-ch U16"]
[Site "Salobrena"]
[Date "2012.07.19"]
[Round "6"]
[White "Perez Tores, Juan Miguel"]
[Black "Martin Perez, Laura"]
[Result "0-1"]
[WhiteElo "1834"]
[BlackElo "2019"]
[PlyCount "136"]
[EventDate "2012.07.16"]
[EventType "swiss"]
[EventRounds "9"]
[EventCountry "ESP"]
[SourceTitle "EXT 2014"]
[Source "ChessBase"]
[SourceDate "2013.11.20"]
[SourceVersion "1"]
[SourceVersionDate "2013.11.20"]
[SourceQuality "1"]

1. e4 c5 2. Nf3 Nc6 3. d4 cxd4 4. Nxd4 g6 5. Nc3 Bg7 6. Be3 Nf6 7. Bc4 0-0 8. Bb3 d6 9. 0-0 Ng4 10. Nxc6 bxc6 11. Qd2 Nxe3 12. Qxe3 Ba6 13. Rfe1 Qa5 14. a3 e6 15. Rad1 Rfd8 16. f4 Qb6 17. Qxb6 axb6 18. e5 d5 19. Ne2 c5 20. c3 g5 21. g3 Bb7 22. Kf2 Bc6 23. Rd2 gxf4 24. gxf4 f6 25. h4 b5 26. exf6 Bxf6 27. Ng3 Kf7 28. Rde2 Re8 29. h5 Bh4 30. Bc2 Rg8 31. Rg1 Rg7 32. h6 Rg4 33. Bxh7 Rxf4+ 34. Ke3 Bg5 35. Rf2 Rxf2+ 36. Kxf2 Bxh6 37. Nh5 Ke7 38. Ke2 Kd6 39. Bg8 Bd7 40. Nf6 Bc6 41. Nh5 Re8 42. Kd1 d4 43. cxd4 Bf3+ 44. Kc2 Bxh5 45. dxc5+ Kxc5 46. Rh1 Bg6+ 47. Kb3 Bf4 48. Bh7 Bxh7 49. Rxh7 Rg8 50. Rh5+ e5 51. Rh7 Rg3+ 52. Kc2 Rg2+ 53. Kb3 Kb6 54. Rf7 Bc1 55. Rf6+ Kc5 56. Rf8 Bxb2 57. Rc8+ Kb6 58. Rb8+ Kc6 59. Rc8+ Kb7 60. Rc5 Kb6 61. Rd5 Bd4 62. a4 bxa4+ 63. Kxa4 Kc6 64. Rd8 Rb2 65. Rc8+ Kd5 66. Rc3 Rb1 67. Rc1 Rb2 68. Rd1 e4 0-1

[Event "ESP-ch U16"]
[Site "Salobrena"]
[Date "2012.07.18"]
[Round "5"]
[White "Pinsach Gelabert, Alexandre"]
[Black "Perez Tores, Juan Miguel"]
[Result "1/2-1/2"]
[WhiteElo "1990"]
[BlackElo "1834"]
[PlyCount "102"]
[EventDate "2012.07.16"]
[EventType "swiss"]
[EventRounds "9"]
[EventCountry "ESP"]
[SourceTitle "EXT 2014"]
[Source "ChessBase"]
[SourceDate "2013.11.20"]
[SourceVersion "1"]
[SourceVersionDate "2013.11.20"]
[SourceQuality "1"]

1. e4 e5 2. Nf3 Nc6 3. Bb5 a6 4. Ba4 d6 5. 0-0 Be7 6. c3 f5 7. d3 Nf6 8. Nbd2 h6 9. Nh4 f4 10. Ng6 Rh7 11. Bxc6+ bxc6 12. d4 Kf7 13. dxe5 Kxg6 14. exf6 Bxf6 15. Nf3 Bg5 16. e5 Rh8 17. h4 Bxh4 18. Bxf4 d5 19. c4 Rf8 20. g3 Bg5 21. Bxg5 hxg5 22. Nd4 dxc4 23. Qc2+ Kh6 24. Qxc4 Qd5 25. Qxc6+ Qxc6 26. Nxc6 Bd7 27. Rac1 Rae8 28. f4 Kh5 29. Nd4 gxf4 30. Rxc7 Bh3 31. Rxf4 Rxf4 32. gxf4 Kg4 33. f5 Kf4 34. Nc6 Bxf5 35. Rxg7 Rc8 36. Nd4 Kxe5 37. Nxf5 Kxf5 38. Rb7 Ke4 39. Rb3 a5 40. Kf1 a4 41. Ra3 Rc1+ 42. Ke2 Rc2+ 43. Kd1 Rxb2 44. Rxa4+ Kd5 45. Kc1 Rh2 46. Kb1 Kc5 47. Ra8 Kb6 48. a4 Kb7 49. Rg8 Ka7 50. Rg5 Ka6 51. a5 Rf2 1/2-1/2

[Event "ESP-ch U14"]
[Site "Salobrena"]
[Date "2012.07.09"]
[Round "2"]
[White "Cortes Cabeza, Cameron"]
[Black "Perez Tores, Juan Miguel"]
[Result "1-0"]
[WhiteElo "1633"]
[BlackElo "1834"]
[PlyCount "125"]
[EventDate "2012.07.09"]
[EventType "swiss"]
[EventRounds "9"]
[EventCountry "ESP"]
[SourceTitle "EXT 2014"]
[Source "ChessBase"]
[SourceDate "2013.11.20"]
[SourceVersion "1"]
[SourceVersionDate "2013.11.20"]
[SourceQuality "1"]

1. e4 e5 2. Nf3 Nc6 3. Bc4 Bc5 4. c3 Nf6 5. d4 exd4 6. e5 d5 7. Bb5 Ne4 8. cxd4 Bb4+ 9. Bd2 Nxd2 10. Nbxd2 0-0 11. 0-0 Bxd2 12. Qxd2 Ne7 13. Bd3 Bf5 14. Bxf5 Nxf5 15. Rfe1 Nh4 16. Nxh4 Qxh4 17. Rac1 c6 18. Rc3 Rae8 19. Rh3 Qd8 20. Qd3 h6 21. f4 f5 22. Ree3 Qd7 23. Reg3 Re6 24. Rh5 Qf7 25. Rhh3 b6 26. b4 Rg6 27. Rxg6 Qxg6 28. Rg3 Qf7 29. Re3 Qe6 30. Rg3 Rc8 31. Qc3 Kh7 32. a3 Qe7 33. Rd3 g5 34. fxg5 hxg5 35. Qc2 Qe6 36. Rf3 Kg6 37. g4 Rf8 38. gxf5+ Rxf5 39. h3 c5 40. bxc5 bxc5 41. Rc3 Kh5 42. Rxc5 Qf7 43. Qe2+ Kh6 44. Rc6+ Kg7 45. e6 Qe8 46. Rc7+ Kf6 47. Rf7+ Kg6 48. Rxf5 Kxf5 49. Qe5+ Kg6 50. Qxd5 Qa4 51. Qe4+ Kh6 52. Kf2 Qxa3 53. e7 Qb2+ 54. Kf3 Qc3+ 55. Kg4 Qc8+ 56. Qf5 Qc1 57. Qf8+ Kh7 58. e8Q Qg1+ 59. Kf5 Qf2+ 60. Ke6 Qe3+ 61. Kd7 Qxd4+ 62. Qd6 Qa4+ 63. Kd8 1-0

[Event "Andalucia-ch U14"]
[Site "Islantilla"]
[Date "2012.04.14"]
[Round "7"]
[White "Perez Tores, Juan Miguel"]
[Black "Domingo Nunez, Alejandro"]
[Result "0-1"]
[WhiteElo "1834"]
[BlackElo "1864"]
[PlyCount "51"]
[EventDate "2012.04.13"]
[EventType "swiss"]
[EventRounds "9"]
[EventCountry "ESP"]
[SourceTitle "CBM 148 Extra"]
[Source "ChessBase"]
[SourceDate "2012.06.22"]
[SourceVersion "1"]
[SourceVersionDate "2012.06.22"]
[SourceQuality "1"]

1. e4 e6 2. d3 d5 3. Nd2 Nf6 4. Ngf3 c5 5. g3 Be7 6. Bg2 0-0 7. 0-0 Nc6 8. Re1 Re8 9. e5 Nd7 10. Nf1 f6 11. exf6 Bxf6 12. c3 e5 13. h4 Nb6 14. Bg5 h6 15. Bxf6 Qxf6 16. N1h2 Qg6 17. Qe2 Bf5 18. Rad1 a5 19. Kh1 Rad8 20. Ng1 d4 21. g4 Be6 22. c4 Bd7 23. Be4 Qf6 24. Ngf3 Qf4 25. Rg1 Kh8 26. Qd2 0-1

[Event "Malaga-ch"]
[Site "Malaga"]
[Date "2012.02.04"]
[Round "8"]
[White "Dominguez Escalona, Alonso Jesus"]
[Black "Perez Tores, Juan Miguel"]
[Result "1-0"]
[WhiteElo "2064"]
[BlackElo "1753"]
[PlyCount "107"]
[EventDate "2012.01.14"]
[EventType "swiss"]
[EventRounds "9"]
[EventCountry "ESP"]
[SourceTitle "CBM 146 Extra"]
[Source "ChessBase"]
[SourceDate "2012.02.29"]
[SourceVersion "1"]
[SourceVersionDate "2012.02.29"]
[SourceQuality "1"]

1. e4 d6 2. Bc4 Nf6 3. Nc3 g6 4. Bb3 Bg7 5. d3 e5 6. Nge2 Nc6 7. f3 Be6 8. Be3 Bxb3 9. axb3 a6 10. Qd2 h5 11. Bg5 Qd7 12. 0-0 Nh7 13. Be3 0-0-0 14. Nd5 f5 15. Bb6 Qe6 16. Nxc7 Qf7 17. Qc3 Rdf8 18. Nxa6 Kd7 19. Nb4 Ra8 20. Nd5 f4 21. Bf2 Rxa1 22. Rxa1 g5 23. b4 Nf6 24. b5 Ne7 25. Qc7+ Ke6 26. Nxe7 Qxe7 27. Qxe7+ Kxe7 28. c4 Nd7 29. b4 b6 30. Ra7 Rb8 31. Nc3 Ke6 32. h3 Bf6 33. Nd5 Bd8 34. Kf1 Rc8 35. Ke2 Rb8 36. Kd2 Rc8 37. Kc2 Rb8 38. Kb2 Nf6 39. Nxf6 Bxf6 40. Rh7 h4 41. Ra7 Be7 42. Ra6 Bd8 43. Ka3 Kd7 44. Ka4 Bc7 45. c5 bxc5 46. bxc5 dxc5 47. Bxc5 Rd8 48. b6 Bb8 49. Kb5 Bd6 50. Bxd6 Kxd6 51. b7+ Kc7 52. Ra8 Rb8 53. Rxb8 Kxb8 54. Kc6 1-0